Online
Catalog

Reconstrucción financiera de la República Dominicana. (Record no. 12896)

MARC details
000 -CABECERA
campo de control de longitud fija 01175nam a2200289 a 4500
001 - NÚMERO DE CONTROL
campo de control 000013266
003 - IDENTIFICADOR DEL NÚMERO DE CONTROL
campo de control DO-SdBNP
005 - FECHA Y HORA DE LA ÚLTIMA TRANSACCIÓN
campo de control 20251104113614.0
008 - DATOS DE LONGITUD FIJA--INFORMACIÓN GENERAL
campo de control de longitud fija 091123s1944 dr 000 0 spa d
040 ## - FUENTE DE LA CATALOGACIÓN
Centro catalogador/agencia de origen DO-SdBNP
Lengua de catalogación spa
Centro/agencia transcriptor BNPHU
049 ## - FONDOS LOCALES (OCLC)
Fondos de biblioteca BNPD
082 ## - NÚMERO DE LA CLASIFICACIÓN DECIMAL DEWEY
Número de clasificación 330.097293
Número de documento/Ítem R311f
245 00 - MENCIÓN DE TÍTULO
Título Reconstrucción financiera de la República Dominicana.
260 ## - PUBLICACIÓN, DISTRIBUCIÓN, ETC.
Lugar de publicación, distribución, etc. Santiago de los Caballeros, República Domincana :
Nombre del editor, distribuidor, etc. El Diario,
Fecha de publicación, distribución, etc. 1944.
300 ## - DESCRIPCIÓN FÍSICA
Extensión 3 v. ;
Dimensiones 25 cm.
490 1# - MENCIÓN DE SERIE
Mención de serie Trujillo
-- Documentos y estudios históricos
Designación de volumen o secuencia v. 3
500 ## - NOTA GENERAL
Nota general "Centenario de la República 1844-1944"
505 2# - NOTA DE CONTENIDO CON FORMATO
Nota de contenido con formato v. 1 Antecedentes (1903 - 1930) -- v. 2 La solución (1930 - 1940) -- v. 3 Reconstrucción financiera
590 ## - NOTA LOCAL (RLIN)
Nota local Perteneció a la biblioteca personal de Juan Isidro Jimenes Grullón
650 #4 - PUNTO DE ACCESO ADICIONAL DE MATERIA--TÉRMINO DE MATERIA
Término de materia o nombre geográfico como elemento de entrada Finanzas
Subdivisión geográfica República Dominicana
9 (RLIN) 6442
650 #0 - PUNTO DE ACCESO ADICIONAL DE MATERIA--TÉRMINO DE MATERIA
Término de materia o nombre geográfico como elemento de entrada Cuestión monetaria
9 (RLIN) 30465
651 #4 - PUNTO DE ACCESO ADICIONAL DE MATERIA--NOMBRE GEOGRÁFICO
Nombre geográfico República Dominicana
Subdivisión general Condiciones Económicas
9 (RLIN) 281
651 #4 - PUNTO DE ACCESO ADICIONAL DE MATERIA--NOMBRE GEOGRÁFICO
Nombre geográfico República Dominicana
Subdivisión general Política Económica
-- Historia
9 (RLIN) 10018
830 #0 - PUNTO DE ACCESO ADICIONAL DE SERIE-TÍTULO UNIFORME
Título uniforme Trujillo
Nombre de parte o sección de la obra Documentos y estudios históricos
Número de parte o sección de la obra 3
9 (RLIN) 30466
910 ## - DATOS DE OPCIÓN DEL USUARIO (OCLC)
Datos de opción del usuario Validado. Control de calidad BNPHU
942 ## - ELEMENTOS DE PUNTO DE ACCESO ADICIONAL (KOHA)
Fuente del sistema de clasificación o colocación Dewey Decimal Classification
Tipo de ítem Koha Folleto
Holdings
Estado de retiro Estado de pérdida Restricciones de uso No para préstamo Código de colección Localización permanente Ubicación/localización actual Ubicación en estantería Fecha de adquisición Número de inventario Total de préstamos Signatura topográfica completa Código de barras Fecha visto por última vez Precio válido a partir de Tipo de ítem Koha Nota pública
        Raros y valiosos General General Depósito 30.03.2011 LF1   v. 2, e. 5 13266-100 25.06.2020 25.06.2020 Préstamo en sala  
        Raros y valiosos General General Depósito 14.06.2011 LF1   v. 2, e. 6 13266-110 25.06.2020 25.06.2020 Préstamo en sala  
        Raros y valiosos General General Depósito 14.06.2011 LF1   v. 2, e. 7 13266-120 25.06.2020 25.06.2020 Préstamo en sala  
        Raros y valiosos General General Depósito 14.06.2011 LF1   v. 2, e. 8 13266-130 25.06.2020 25.06.2020 Préstamo en sala  
        Raros y valiosos General General Depósito 26.02.2010 LF1   v. 1, e. 3 13266-30 25.06.2020 25.06.2020 Préstamo en sala  
  Extraviado     Raros y valiosos General General Extraviado 26.02.2010 LF1   v. 1, e. 4 13266-40 25.06.2020 25.06.2020 Préstamo en sala  
  Extraviado     Raros y valiosos General General Extraviado 26.02.2010 LF1   v. 1, e. 5 13266-50 25.06.2020 25.06.2020 Préstamo en sala  
        Raros y valiosos General General Depósito 03.03.2010 LF1   v. 2, e. 3 13266-80 25.06.2020 25.06.2020 Préstamo en sala Perteneció a la biblioteca personal de Juan Isidro Jimenes Grullón.
        Raros y valiosos General General Depósito 30.03.2011 LF1   v. 2, e. 4 13266-90 25.06.2020 25.06.2020 Préstamo en sala  
      Excluido de préstamo Raros y valiosos Patrimonio Dominicano Patrimonio Dominicano Depósito 23.11.2009 LF1   v. 1 13266-10 25.06.2020 25.06.2020 No se presta  
      Excluido de préstamo Raros y valiosos Patrimonio Dominicano Patrimonio Dominicano Depósito 23.11.2009 LF1   v. 1, e. 2 13266-20 25.06.2020 25.06.2020 No se presta  
      Excluido de préstamo Raros y valiosos Patrimonio Dominicano Patrimonio Dominicano Depósito 26.02.2010 LF1   v. 2 13266-60 25.06.2020 25.06.2020 No se presta Perteneció a la biblioteca personal de Julio Ortega Frier.
      Excluido de préstamo Raros y valiosos Patrimonio Dominicano Patrimonio Dominicano Depósito 03.03.2010 LF1   v. 2, e. 2 13266-70 25.06.2020 25.06.2020 No se presta Perteneció a la biblioteca personal de Julio Ortega Frier.

Powered by Koha